000 00775nam a2200229 i 4500
001 88348
003 ES-MaACL
005 20250815083552.0
007 t|
008 050104s1973 sp ||||1| spa d
100 1 _aLaing, Ronald David.
_969695
245 1 0 _aLaing
_b: antipsiquiatría y contra cultura /
_cR.D. Laing ; Peter Sedgwick ... [et al.] ; [traductor, Nicolás Caparrós].
260 _a[Madrid] :
_bFundamentos,
_c1973.
300 _a366 p. ;
_c20 cm.
490 1 _aCiencia. Serie Psicología
700 1 _aSedgwick, Peter.
_9105069
700 1 _aCaparrós Sánchez, Nicolás.
_9160880
830 0 0 _aCiencia.
_pPsicología
_9231476
852 _aES-MaACL
_jC-53020
_bR.85607
852 _aES-MaACL
_jE-7897
_bR.92334
999 _c88348
_d88348